More than a carpenter / (Record no. 31768)
[ view plain ]
| 000 -LEADER | |
|---|---|
| fixed length control field | 01416cam a2200277 a 4500 |
| 001 - CONTROL NUMBER | |
| control field | 15575673 |
| 005 - DATE AND TIME OF LATEST TRANSACTION | |
| control field | 20230728110051.0 |
| 008 - FIXED-LENGTH DATA ELEMENTS--GENERAL INFORMATION | |
| fixed length control field | 090106s2009 ilu b 001 0 eng |
| 010 ## - LIBRARY OF CONGRESS CONTROL NUMBER | |
| LC control number | 2008054623 |
| 020 ## - INTERNATIONAL STANDARD BOOK NUMBER | |
| International Standard Book Number | 9781414326276 (sc : alk. paper) |
| 040 ## - CATALOGING SOURCE | |
| Original cataloging agency | DLC |
| Transcribing agency | DLC |
| Modifying agency | DLC |
| 050 00 - LIBRARY OF CONGRESS CALL NUMBER | |
| Classification number | BT203 |
| Item number | .M3386 2009 |
| 082 00 - DEWEY DECIMAL CLASSIFICATION NUMBER | |
| Classification number | 232 |
| Edition number | 22 |
| 100 1# - MAIN ENTRY--PERSONAL NAME | |
| Personal name | McDowell, Josh. |
| 245 10 - TITLE STATEMENT | |
| Title | More than a carpenter / |
| Statement of responsibility, etc. | Josh McDowell, Sean McDowell. |
| 250 ## - EDITION STATEMENT | |
| Edition statement | [New, rev. ed.]. |
| 260 ## - PUBLICATION, DISTRIBUTION, ETC. (IMPRINT) | |
| Place of publication, distribution, etc. | Carol Stream, Ill. : |
| Name of publisher, distributor, etc. | Tyndale House Publishers, Inc., |
| Date of publication, distribution, etc. | 2009. |
| 300 ## - PHYSICAL DESCRIPTION | |
| Extent | x, 179 p. ; |
| Dimensions | 18 cm. |
| 504 ## - BIBLIOGRAPHY, ETC. NOTE | |
| Bibliography, etc | Includes bibliographical references. |
| 505 0# - FORMATTED CONTENTS NOTE | |
| Formatted contents note | My story -- What makes Jesus so different? -- Lord, liar, or lunatic? -- What about science? -- The challenge of the new atheism -- Are the Bible records reliable? -- Who would die for a lie? -- What good is a dead Messiah? -- Did you hear what happened to Saul? -- Can you keep a good man down? -- Will the real Messiah please stand up? -- Isn't there some other way? -- He changed my life. |
| 600 00 - SUBJECT ADDED ENTRY--PERSONAL NAME | |
| Personal name | Jesus Christ |
| General subdivision | Person and offices. |
| 700 1# - ADDED ENTRY--PERSONAL NAME | |
| Personal name | McDowell, Sean. |
| 906 ## - LOCAL DATA ELEMENT F, LDF (RLIN) | |
| a | 7 |
| b | cbc |
| c | orignew |
| d | 1 |
| e | ecip |
| f | 20 |
| g | y-gencatlg |
| 942 ## - ADDED ENTRY ELEMENTS (KOHA) | |
| Source of classification or shelving scheme | |
| Koha item type | Hard Covered Materials |
| Classification part | BT203 .M3386 2009 |
| Withdrawn status | Lost status | Source of classification or shelving scheme | Damaged status | Not for loan | Home library | Current library | Shelving location | Date acquired | Source of acquisition | Cost, normal purchase price | Total Checkouts | Full call number | Barcode | Date last seen | Date last checked out | Price effective from | Koha item type |
|---|---|---|---|---|---|---|---|---|---|---|---|---|---|---|---|---|---|
| MACHAKOS UNIVERSITY LIBRARY | MACHAKOS UNIVERSITY LIBRARY | Open shelf | 28/07/2023 | Donation (Kimanzi) | 2378.00 | 1 | BT203 .M3386 2009 | 39571 | 25/03/2025 | 11/03/2025 | 28/07/2023 | Hard Covered Materials |